000 00276nam a22001217a 4500
008 170804b xxu||||| |||| 00| 0 eng d
041 _aeng
080 _a004
100 _a33
101 _aSHK
245 _aFUNDAMENTALS OF COMPUTERS ALGORITHMS
_cHOROWITZ,E
942 _2udc
_cBK
999 _c22680
_d22680